Rising Above The Gathering Storm (Record no. 34468)

MARC details
000 -LEADER
fixed length control field 00417nam a2200169Ia 4500
020 ## - INTERNATIONAL STANDARD BOOK NUMBER
ISBN 978-0-309-10039-7
050 ## - CALL MARK
Classification number HC 106.83 .R57/
245 #0 - TITLE STATEMENT
Title Rising Above The Gathering Storm
260 ## - PUBLICATION, DISTRIBUTION, ETC. (IMPRINT)
Place of publication washington D.C.
260 ## - PUBLICATION, DISTRIBUTION, ETC. (IMPRINT)
Name of publisher The National Academies Press
260 ## - PUBLICATION, DISTRIBUTION, ETC. (IMPRINT)
Year of publication 2006
300 ## - PHYSICAL DESCRIPTION
Number of Pages 564 p
650 ## - SUBJECT ADDED ENTRY--TOPICAL TERM
Topical Term Economics
942 ## - ADDED ENTRY ELEMENTS (KOHA)
Koha item type Books
Holdings
Withdrawn status Lost status Source of classification or shelving scheme Damaged status Not for loan Permanent Location Current Location Date acquired Accession Number Price effective from Koha item type
    Library of Congress Classification     NILE UNIVERSITY OF NIGERIA - MAIN LIBRARY NILE UNIVERSITY OF NIGERIA - MAIN LIBRARY 04/23/2025 0002765 04/23/2025 Books